|
|
|
|
| LEADER |
01467nam a2200277 u 4500 |
| 001 |
10118502 |
| 003 |
upatras |
| 005 |
20210117205652.0 |
| 008 |
151208s1994 gr gre |
| 020 |
|
|
|a 9607262875
|
| 040 |
|
|
|a ΠΑΝΕΠΙΣΤΗΜΙΟ ΠΑΤΡΑΣ
|c ΠΑΝΕΠΙΣΤΗΜΙΟ ΠΑΤΡΑΣ
|
| 041 |
0 |
|
|a gre
|
| 082 |
0 |
4 |
|a 372.66
|
| 100 |
1 |
|
|a Μουδατσάκις, Τηλέμαχος Ε.
|4 aut
|9 76313
|
| 245 |
1 |
0 |
|a Η θεωρία του δράματος στη σχολική πράξη
|b το θεατρικό παιχνίδι
|b η δραματοποίηση ως μέθοδος προσέγγισης των αφηγηματικών κειμένων
|c Τηλέμαχος Μουδατσάκις
|
| 260 |
|
|
|a Αθήνα
|b Καρδαμίτσας
|c 1994
|
| 300 |
|
|
|a 252 σ.
|b εικ.
|c 25 εκ.
|
| 504 |
|
|
|a Περιλαμβάνει βιβλιογραφικές αναφορές και ευρετήριο
|
| 650 |
|
4 |
|a Δράμα στην εκπαίδευση
|9 91108
|
| 650 |
|
4 |
|a Θέατρο στην εκπαίδευση
|9 2014
|
| 650 |
|
4 |
|a Θεατρικό παιχνίδι
|9 29082
|
| 852 |
|
|
|a GR-PaULI
|b ΠΑΤΡΑ
|b ΘΕΑΤΡΟΛΟΓΙΑ
|k ΑΣΧΕ-3
|h 372.66 ΜΟΥ
|m 013972
|p 025000137953
|t 1
|
| 942 |
|
|
|2 ddc
|c BK15
|
| 952 |
|
|
|0 0
|1 0
|4 0
|6 372_660000000000000_ΜΟΥ
|7 0
|9 186969
|a THST
|b THST
|d 2016-04-24
|i 013972
|l 4
|o 372.66 ΜΟΥ
|p 025000137953
|r 2022-05-17 00:00:00
|s 2022-05-13
|t 1
|w 2016-04-24
|y BK15
|
| 998 |
|
|
|c ΜΑΝΙΑ
|d 2015-12
|
| 999 |
|
|
|c 115323
|d 115323
|